[Event "World Rapid Women 2025"]
[Site "Doha QAT"]
[Date "2025.12.28"]
[Round "11.37"]
[White "Gunina, Valentina"]
[Black "Khalilova, Madinabonu"]
[Result "1-0"]
[WhiteTitle "GM"]
[BlackTitle "WCM"]
[WhiteElo "2393"]
[BlackElo "2241"]
[WhiteFideId "4167570"]
[BlackFideId "14223422"]
[EventDate "2025.12.26"]

1. e4 c5 2. Nf3 Nc6 3. Bb5 g6 4. O-O Bg7 5. Bxc6 dxc6 6. d3 e5 7. h3 Qe7 8. a4
Nf6 9. Nbd2 O-O 10. Nc4 Nd7 11. a5 Rb8 12. b3 b5 13. axb6 axb6 14. Re1 Rd8 15.
Ra7 Rb7 16. Ra8 Nf8 17. Bg5 f6 18. Bh4 g5 19. Bg3 Ng6 20. Ne3 Be6 21. Rxd8+ Qxd8
22. Nh2 Ra7 23. Nhf1 b5 24. Bh2 Rd7 25. Qc1 Bf8 26. Ng3 Nf4 27. Ngf5 Bxf5 28.
Nxf5 Ne6 29. h4 gxh4 30. Nxh4 Nd4 31. Qd1 Rg7 32. f4 f5 33. Nxf5 Nxf5 34. exf5
Qd4+ 35. Kh1 exf4 36. Qf3 Qc3 37. Rf1 Qxc2 38. Bxf4 Qxb3 39. Be5 Qd5 40. Bxg7
Qxf3 41. Rxf3 Kxg7 42. Kg1 Kf6 43. Kf2 Bh6 44. Ke2 Bg5 45. Rf1 Ke5 46. g4 h6 47.
Ra1 Kd5 48. Ra7 c4 49. Rd7+ Kc5 50. d4+ Kb4 51. Rd6 Kc3 52. Rxc6 Kxd4 53. f6 Kd5
54. f7 Be7 55. Rxh6 b4 56. Rh8 b3 57. f8=Q Bxf8 58. Rxf8 Kd4 59. Kd2 c3+ 60. Kc1 1-0

[Event "World Rapid Women 2025"]
[Site "Doha QAT"]
[Date "2025.12.28"]
[Round "11.38"]
[White "Mkrtchyan, Mariam"]
[Black "Shvedova, Alexandra"]
[Result "0-1"]
[WhiteTitle "WIM"]
[BlackTitle "WIM"]
[WhiteElo "2353"]
[BlackElo "2255"]
[WhiteFideId "13310828"]
[BlackFideId "54154782"]
[EventDate "2025.12.26"]

1. d4 Nf6 2. c4 e6 3. Nf3 d5 4. Nc3 dxc4 5. e4 b5 6. e5 Nd5 7. Nxb5 Nb6 8. a4
Ba6 9. Na3 Nc6 10. a5 Bb4+ 11. Bd2 Bxd2+ 12. Qxd2 Nd5 13. Nxc4 O-O 14. Be2 Rb8
15. O-O Rb4 16. Rfc1 Qb8 17. Rc2 Rd8 18. Rac1 Nde7 19. Bd3 h6 20. Qf4 Bxc4 21.
Rxc4 Rxc4 22. Rxc4 Qxb2 23. h4 Nb4 24. Be4 Nbd5 25. Qd2 Qa3 26. h5 Rb8 27. Rc2
Qb4 28. Kh2 Rb5 29. Qxb4 Rxb4 30. Bxd5 Nxd5 31. Rc6 Kf8 32. Ra6 Rb7 33. Rc6 Ke7
34. Nd2 Kd7 35. Rc5 Rb2 36. Ne4 Rb4 37. Rc2 Rxd4 38. Nc5+ Kc8 39. g3 Rb4 40. a6
Rb6 41. Kg2 Rc6 42. Rc4 Nb6 43. Rc3 Nd7 44. Na4 Rxa6 45. Nb2 Nxe5 46. Nd1 Kb7
47. Ne3 Rc6 48. Rb3+ Rb6 49. Rc3 Rb2 50. g4 a5 51. Kg3 a4 52. Ra3 Rb4 53. f4 Rb3
54. Rxb3+ axb3 55. fxe5 b2 0-1

[Event "World Rapid Women 2025"]
[Site "Doha QAT"]
[Date "2025.12.28"]
[Round "11.39"]
[White "Shubenkova, Veronika"]
[Black "Kulon, Klaudia"]
[Result "0-1"]
[WhiteTitle "WFM"]
[BlackTitle "IM"]
[WhiteElo "2013"]
[BlackElo "2335"]
[WhiteFideId "44124040"]
[BlackFideId "1131044"]
[EventDate "2025.12.26"]

1. d4 Nf6 2. e3 g6 3. Nf3 Bg7 4. Be2 O-O 5. O-O d6 6. b3 b6 7. Bb2 Bb7 8. c4
Nbd7 9. Nc3 e5 10. Qc2 Qe7 11. dxe5 dxe5 12. e4 c6 13. a4 a5 14. Ba3 Nc5 15.
Rad1 Rfd8 16. Rxd8+ Rxd8 17. Rd1 Rxd1+ 18. Bxd1 Bf8 19. Bxc5 Qxc5 20. h3 Nh5 21.
Qd3 Qe7 22. Qe3 Qc7 23. Qg5 f6 24. Qd2 Bb4 25. g3 Bc8 26. Kh2 Ng7 27. Be2 Ne6
28. Qc2 Nc5 29. Na2 Qd7 30. Bf1 Ba3 31. Kg1 Kg7 32. Kh2 Ne6 33. Qd3 Qe7 34. h4
Nc5 35. Qe3 Bg4 36. Bh3 Bxh3 37. Kxh3 Qd7+ 38. Kg2 Qd1 39. Nd2 Qc2 40. Nc3 Bc1
41. Ncb1 Bb2 42. h5 Bd4 43. Qf3 Qc1 44. h6+ Kf7 45. Qg4 Ne6 46. Qe2 Ke7 47. Qf1
Qc2 48. Qe2 Bc5 49. Qg4 Qc1 50. Qe2 Nd4 51. Qg4 Qe1 52. Qc8 Ne6 53. Qb7+ Kd6 54.
Qb8+ Kd7 55. Qb7+ Nc7 56. Qb8 Qxf2+ 57. Kh3 Qe3 58. Qg8 Qxh6+ 59. Kg2 Ne6 60.
Qf7+ Be7 61. c5 Nxc5 62. Nc4 Qf8 63. Qxh7 Kc7 64. Nbd2 g5 65. Ne3 Nd7 66. Ndc4
Bc5 67. Nf5 Qe8 68. Kf3 Qe6 69. Qh8 Bf8 70. Qh1 Nc5 71. Qh7+ Qd7 72. Qxd7+ Nxd7
73. Nfe3 Nc5 74. Nd2 Ne6 75. Ng4 Bb4 76. Nc4 Nd4+ 77. Ke3 b5 78. axb5 cxb5 79.
Nb2 Be7 80. Nd1 b4 81. Kd3 Nxb3 82. Kc4 a4 83. Nde3 Nd2+ 84. Kd3 a3 85. Kxd2 a2
86. Nc2 b3 87. Nge3 b2 88. Nd5+ Kd8 0-1

[Event "World Rapid Women 2025"]
[Site "Doha QAT"]
[Date "2025.12.28"]
[Round "11.40"]
[White "Rakshitta, Ravi"]
[Black "Buksa, Nataliya"]
[Result "1-0"]
[WhiteTitle "WGM"]
[BlackTitle "IM"]
[WhiteElo "2381"]
[BlackElo "2397"]
[WhiteFideId "25073230"]
[BlackFideId "14123622"]
[EventDate "2025.12.26"]

1. e4 c5 2. Nf3 Nc6 3. d4 cxd4 4. Nxd4 Nf6 5. Nc3 e5 6. Ndb5 d6 7. Nd5 Nxd5 8.
exd5 Ne7 9. c4 Ng6 10. Qa4 Bd7 11. Qb4 Bf5 12. h4 h5 13. Be2 a6 14. Nc3 Qc7 15.
Be3 Be7 16. g3 e4 17. Na4 Ne5 18. Bb6 Qd7 19. Bd4 Rd8 20. Nb6 Qc7 21. Rc1 O-O
22. Bxe5 dxe5 23. c5 Bf6 24. O-O g5 25. d6 Qc6 26. Bc4 Be6 27. Bxe6 fxe6 28.
hxg5 Bxg5 29. Rce1 e3 30. fxe3 Rf3 31. e4 Be3+ 1-0

[Event "World Rapid Women 2025"]
[Site "Doha QAT"]
[Date "2025.12.28"]
[Round "11.41"]
[White "Bulmaga, Irina"]
[Black "Jarocka, Liwia"]
[Result "1/2-1/2"]
[WhiteTitle "IM"]
[BlackTitle "FM"]
[WhiteElo "2389"]
[BlackElo "2258"]
[WhiteFideId "13903063"]
[BlackFideId "21807558"]
[EventDate "2025.12.26"]

1. d4 d5 2. g3 Nf6 3. Bg2 e6 4. Nf3 Be7 5. O-O O-O 6. c4 a5 7. Qc2 Nbd7 8. Nbd2
c5 9. e3 b6 10. Rd1 Bb7 11. cxd5 exd5 12. dxc5 Nxc5 13. Nb3 Nce4 14. Ne5 Rc8 15.
Qe2 Qc7 16. Nf3 Qc2 17. Qxc2 Rxc2 18. Nfd2 Rfc8 19. Nd4 R2c7 20. Nxe4 Nxe4 21.
Bd2 Nxd2 22. Rxd2 Rc1+ 23. Rd1 Rxa1 24. Rxa1 Bf6 25. Bh3 Rc4 26. Bf1 Rc7 27. Bd3
g6 28. Kf1 Kf8 29. Ke2 Ke7 30. Kd2 Bc8 31. h4 h5 32. Re1 Bd7 33. a3 Kd6 34. Rb1
Ra7 35. Rc1 Rc7 36. Rb1 Ra7 37. Rc1 Rc7 38. Rh1 Kc5 39. Nb3+ Kd6 40. Nd4 Kc5 41.
Rb1 Bxd4 42. Rc1+ Kd6 43. exd4 Rxc1 44. Kxc1 Be8 45. Kd2 Ke6 46. Ke3 f5 47. Ba6
Bc6 48. Kf4 Kf6 49. b3 Ba8 50. Bb5 Bb7 51. Be8 Ba8 52. Ke3 Bb7 53. f4 Ba6 54.
Kd2 Bf1 55. Kc3 b5 56. Bc6 Ke6 57. Be8 Kf6 58. b4 a4 59. Bc6 Bc4 60. Kd2 Kf7 61.
Ke3 Kf6 1/2-1/2

[Event "World Rapid Women 2025"]
[Site "Doha QAT"]
[Date "2025.12.28"]
[Round "11.42"]
[White "Toncheva, Nadya"]
[Black "Wafa, Shahenda"]
[Result "0-1"]
[WhiteTitle "FM"]
[BlackTitle "WGM"]
[WhiteElo "2362"]
[BlackElo "2074"]
[WhiteFideId "2924056"]
[BlackFideId "10609962"]
[EventDate "2025.12.26"]

1. e4 c5 2. c3 d5 3. exd5 Qxd5 4. Nf3 g6 5. d4 Bg7 6. Be3 cxd4 7. cxd4 Nf6 8.
Nc3 Qa5 9. Be2 O-O 10. O-O Nc6 11. a3 Ng4 12. b4 Nxe3 13. fxe3 Qd8 14. Qb3 e6
15. Rac1 a6 16. Ne4 Ne7 17. Nfd2 Nf5 18. Kh1 Bd7 19. Bf3 Bc6 20. Nc5 Bxf3 21.
Nxf3 b6 22. Na4 Rb8 23. Rc6 Bh6 24. Rc3 Qd7 25. Ne5 Qb5 26. Re1 Rbc8 27. Rxc8
Rxc8 28. Nc3 Qe8 29. Ng4 Bg7 30. Ne4 Qe7 31. Ngf2 h5 32. Qd3 a5 33. bxa5 bxa5
34. Nd2 Rb8 35. Nc4 a4 36. Rb1 Rxb1+ 37. Qxb1 Qh4 38. Kg1 Nxd4 39. exd4 Bxd4 40.
Qb8+ Kg7 41. Ne3 Bxe3 42. Qe5+ Qf6 43. Qxe3 Qa1+ 44. Nd1 Qxd1+ 45. Kf2 Qc2+ 46.
Kf1 Qb1+ 47. Kf2 Qb2+ 48. Kf1 e5 49. Qe4 Qd4 50. Qe2 e4 51. Ke1 Qa1+ 52. Kf2
Qxa3 53. Qxe4 Qb2+ 54. Kg3 a3 0-1

[Event "World Rapid Women 2025"]
[Site "Doha QAT"]
[Date "2025.12.28"]
[Round "11.43"]
[White "Yakimova, Mariya"]
[Black "Zhu, Chen"]
[Result "1-0"]
[WhiteTitle "WFM"]
[BlackTitle "GM"]
[WhiteElo "2241"]
[BlackElo "2423"]
[WhiteFideId "34188859"]
[BlackFideId "8600546"]
[EventDate "2025.12.26"]

1. d4 d5 2. Nf3 c6 3. c4 Nf6 4. Nc3 a6 5. g3 b5 6. cxd5 cxd5 7. Ne5 e6 8. Bg2
Bb7 9. O-O Nc6 10. f4 Rc8 11. e3 Be7 12. Bd2 O-O 13. Rc1 Nd7 14. Nxd7 Qxd7 15.
f5 Bf6 16. fxe6 fxe6 17. Qg4 Ne7 18. Bh3 Nf5 19. Ne2 g6 20. Nf4 Rxc1 21. Bxc1
Bg7 22. Nd3 Bc8 23. Bd2 Qd8 24. Qe2 Nd6 25. Rxf8+ Bxf8 26. Nc5 Qf6 27. b3 Nf5
28. Bxf5 Qxf5 29. Nd3 Bd7 30. Bb4 Bh6 31. Bd6 Be8 32. Bf4 Bf8 33. g4 Qe4 34. g5
b4 35. Nf2 Qb1+ 36. Qd1 Qxa2 37. Ng4 Qb2 38. Be5 Bg7 1-0

[Event "World Rapid Women 2025"]
[Site "Doha QAT"]
[Date "2025.12.28"]
[Round "11.44"]
[White "Mammadova, Gulnar"]
[Black "Rodriguez Redondo, Adhara"]
[Result "1-0"]
[WhiteTitle "IM"]
[BlackTitle "WFM"]
[WhiteElo "2330"]
[BlackElo "2207"]
[WhiteFideId "13403508"]
[BlackFideId "32065698"]
[EventDate "2025.12.26"]

1. e4 e5 2. Nf3 Nc6 3. Bc4 Bc5 4. c3 Nf6 5. d3 a6 6. a4 Ba7 7. Nbd2 h6 8. Nf1 d5
9. exd5 Nxd5 10. Ng3 Be6 11. O-O Qd7 12. Re1 f6 13. d4 O-O-O 14. Qe2 Nf4 15.
Bxf4 Bxc4 16. Qxc4 exf4 17. Nh5 Kb8 18. Nxf4 g5 19. Nh5 f5 20. Qe6 Qxe6 21. Rxe6
Rdf8 22. Rae1 Nd8 23. Rg6 Kc8 24. Re7 Nc6 25. Ree6 Nd8 26. Ref6 Rxf6 27. Rxf6 f4
28. Ne5 c6 29. g3 fxg3 30. hxg3 Bb8 31. Ng4 Re8 32. Kf1 b5 33. axb5 axb5 34.
Rxh6 Rf8 35. Rg6 Nf7 36. Rxc6+ Kd7 37. Rf6 Ke7 38. Ng7 Nd6 39. Rxf8 Kxf8 40.
Ne6+ Kf7 41. Nxg5+ Kg6 42. Nf3 Kf5 43. Ne3+ Ke4 44. Ke2 Nc4 45. Ng5# 1-0

[Event "World Rapid Women 2025"]
[Site "Doha QAT"]
[Date "2025.12.28"]
[Round "11.45"]
[White "Badelka, Olga"]
[Black "Aydin, Gulenay"]
[Result "1-0"]
[WhiteTitle "IM"]
[BlackTitle "WIM"]
[WhiteElo "2395"]
[BlackElo "2259"]
[WhiteFideId "13509926"]
[BlackFideId "34557431"]
[EventDate "2025.12.26"]

1. d4 Nf6 2. Nf3 g6 3. Nbd2 Bg7 4. e4 d6 5. Bd3 O-O 6. O-O c5 7. c3 cxd4 8. cxd4
Nc6 9. d5 Nb4 10. Bb1 e6 11. a3 Na6 12. dxe6 Bxe6 13. Re1 Re8 14. Ng5 Bg4 15.
Qb3 Qe7 16. Ba2 d5 17. f3 Be6 18. e5 Nd7 19. Nxe6 Qxe6 20. Qxd5 Qb6+ 21. Kh1
Nxe5 22. Ne4 Rad8 23. Be3 Qxb2 24. Nd6 Nc7 25. Qxb7 Qxb7 26. Nxb7 Rb8 27. Nd6
Nd3 28. Bxf7+ Kf8 29. Bxe8 Nxe1 30. Rxe1 Bc3 31. Bh6+ Kg8 32. Bf7+ Kh8 33. Rd1
Be5 34. Ne4 1-0

[Event "World Rapid Women 2025"]
[Site "Doha QAT"]
[Date "2025.12.28"]
[Round "11.46"]
[White "Nguyen Hong Nhung"]
[Black "Girya, Olga"]
[Result "1-0"]
[WhiteTitle "FM"]
[BlackTitle "GM"]
[WhiteElo "2268"]
[BlackElo "2398"]
[WhiteFideId "12412201"]
[BlackFideId "4195752"]
[EventDate "2025.12.26"]

1. e4 e5 2. Nf3 Nc6 3. d4 exd4 4. Bc4 Bc5 5. Ng5 Nh6 6. Bxf7+ Nxf7 7. Nxf7 Kxf7
8. Qh5+ g6 9. Qxc5 d5 10. O-O dxe4 11. c3 Qd6 12. Qxd6 cxd6 13. cxd4 Be6 14. f3
exf3 15. Rxf3+ Kg7 16. b3 Rhf8 17. Rxf8 Rxf8 18. Bb2 d5 19. Nd2 Bf5 20. Re1 Rf7
21. Bc3 Rc7 22. Nf3 h6 23. Re3 Bb1 24. a3 Ne7 25. Bb4 Nf5 26. Rc3 Rxc3 27. Bxc3
Bc2 28. b4 Nd6 29. Nd2 Kf6 30. Kf2 Kf5 31. Bb2 h5 32. Ke3 Kg4 33. Kf2 Kf4 34.
Bc1 Kf5 35. Bb2 a6 36. Ke3 Kg4 37. Kf2 Kf4 38. Bc1 Ne4+ 39. Ke1 Kf5 40. Nf1 Bd3
41. Ne3+ Ke6 42. Nd1 Bc2 43. Ne3 Bd3 44. Nd1 Bc2 45. Ne3 Ba4 46. Bb2 Bb5 47. Nd1
Nd6 48. Ne3 Nf5 49. Kf2 Nd6 50. Ke1 Bd3 51. Kf2 Ne4+ 52. Ke1 Nf6 53. Kd2 Bb5 54.
Ke1 Nd7 55. Kf2 Nb6 56. Bc1 Nc8 57. Nd1 Nd6 58. Nc3 Bc4 59. Kf3 Kf5 60. Nd1 Bb5
61. Ne3+ Ke6 62. Bb2 Bd3 63. Bc1 Be4+ 64. Kf2 Nb5 65. Bb2 Kf6 66. Kg3 Nd6 67.
Kf2 Ke6 68. Kg3 Kd7 69. Kf4 Nf7 70. Kg3 Kc6 71. a4 Kd7 72. Kf4 Ke6 73. Kg3 Nd8
74. Bc3 Bd3 75. Kf3 Nf7 76. Nd1 Be4+ 77. Kf2 Bc2 78. Nb2 Nd6 79. Ke3 Kf5 80. Be1
Kg4 81. Bg3 Nf5+ 82. Kd2 Nxg3 83. Kxc2 Nf1 84. Nd3 Ne3+ 85. Kd2 Nxg2 86. Nc5 b6
87. Nxa6 Nf4 88. Nc7 Kf3 89. a5 bxa5 90. bxa5 1-0

[Event "World Rapid Women 2025"]
[Site "Doha QAT"]
[Date "2025.12.28"]
[Round "11.47"]
[White "Nguyen Hong Anh"]
[Black "Zhurova, Anna"]
[Result "1-0"]
[WhiteTitle "WIM"]
[BlackTitle "WFM"]
[WhiteElo "2010"]
[BlackElo "2299"]
[WhiteFideId "12406732"]
[BlackFideId "54113075"]
[EventDate "2025.12.26"]

1. d4 Nf6 2. c4 e6 3. Nc3 Bb4 4. Qc2 d6 5. a3 Bxc3+ 6. Qxc3 O-O 7. Bg5 h6 8. Bh4
Nbd7 9. f3 e5 10. d5 a5 11. e4 Nc5 12. Bf2 Qe7 13. Bd3 a4 14. Bc2 b6 15. Ne2 Nh7
16. O-O f5 17. exf5 Bxf5 18. Rae1 Qd7 19. f4 e4 20. Nd4 Nf6 21. h3 h5 22. Re3 b5
23. Rg3 bxc4 24. Qxc4 Bh7 25. f5 Rf7 26. Ne6 Rb8 27. Bd4 Qe7 28. Bd1 Nxe6 29.
fxe6 Rff8 30. Bxa4 h4 31. Rc3 Nh5 32. Qxc7 Rxf1+ 33. Kxf1 Rf8+ 34. Kg1 Qg5 35.
e7 Ra8 36. Qc8+ Rxc8 37. Rxc8+ Kf7 38. e8=Q# 1-0

[Event "World Rapid Women 2025"]
[Site "Doha QAT"]
[Date "2025.12.28"]
[Round "11.48"]
[White "Zherebtsova, Alexandra"]
[Black "Krasteva, Beloslava"]
[Result "1-0"]
[WhiteTitle "FM"]
[BlackTitle "FM"]
[WhiteElo "2307"]
[BlackElo "2339"]
[WhiteFideId "24129518"]
[BlackFideId "2922029"]
[EventDate "2025.12.26"]

1. d4 d6 2. c4 e5 3. d5 a5 4. Nc3 Na6 5. e4 g6 6. h4 h5 7. g3 Bh6 8. Bh3 Nc5 9.
Bxc8 Qxc8 10. f3 Bxc1 11. Rxc1 Nh6 12. Qd2 Qd7 13. Nh3 Kf8 14. Nf2 Kg7 15. O-O
f6 16. Kg2 Nf7 17. b3 Rag8 18. Rb1 f5 19. f4 Rf8 20. Rbe1 exf4 21. Qxf4 Ne5 22.
Qd2 fxe4 23. Ncxe4 Nxe4 24. Nxe4 Qg4 25. Ng5 Rxf1 26. Rxf1 Rc8 27. Ne6+ Kh7 28.
Rf4 1-0

[Event "World Rapid Women 2025"]
[Site "Doha QAT"]
[Date "2025.12.28"]
[Round "11.49"]
[White "Mikheeva, Galina"]
[Black "Lyutsinger, Iren"]
[Result "1/2-1/2"]
[WhiteTitle "FM"]
[BlackTitle "FM"]
[WhiteElo "2122"]
[BlackElo "2169"]
[WhiteFideId "44108320"]
[BlackFideId "34425969"]
[EventDate "2025.12.26"]

1. e4 c5 2. Nc3 d6 3. d4 cxd4 4. Qxd4 Nc6 5. Qd2 g6 6. b3 e5 7. f4 exf4 8. Bb2
Qh4+ 9. Kd1 Bg4+ 10. Nce2 Ne5 11. Qxf4 Bh6 12. Qg3 Qg5 13. Bc3 Nf6 14. Nf3 Nxe4
15. Nxg5 Nxg3 16. Nxf7 Nxh1 17. Nxh6 Nf2+ 18. Ke1 Bxe2 19. Bxe2 Ne4 20. Bb2 Rf8
21. Rd1 Ke7 22. Rd4 Nc5 23. Rd5 Ke6 24. c4 b6 25. Ng4 Nxg4 26. Bxg4+ Ke7 27. Bc1
Ne6 28. Ba3 Rad8 29. g3 h5 30. Bh3 Rfe8 31. Kf2 Nc7 32. Rd4 Rf8+ 33. Kg2 Ne8 34.
Re4+ Kf7 35. Be6+ Kg7 36. Bd5 Rd7 37. Bc6 Nf6 38. Re6 Rc7 39. Bxd6 Rcf7 40.
Bxf8+ Kxf8 41. Bf3 g5 42. h3 g4 43. hxg4 hxg4 44. Be2 Kg7 45. b4 Rc7 46. Rd6 Kg6
47. Bd3+ Kg5 48. Rd8 Rd7 49. Rxd7 Nxd7 50. Kf2 Kf6 51. Ke3 Ke5 52. Be2 Nf6 53.
a3 Ne4 54. Bxg4 Nxg3 55. Bf3 Nf5+ 56. Kd3 Nd4 57. Bg2 Ne6 58. Kc3 Nf4 59. Bf3
Ne6 60. Bg4 Ng5 61. Kd3 Ne4 62. Bf3 Ng5 63. Bg2 Ne6 64. Kc3 Nf4 65. Bb7 Ne6 66.
Kb3 Kd4 67. Bd5 Nf4 68. Bf7 Nd3 69. Bg8 Ne5 70. Be6 Nd3 71. Ka4 a6 72. Kb3 Nc1+
73. Kc2 Ne2 74. Bc8 a5 75. c5 axb4 76. cxb6 Kc5 77. b7 Nd4+ 78. Kd3 Nc6 79.
axb4+ Nxb4+ 80. Ke4 Nc6 1/2-1/2

[Event "World Rapid Women 2025"]
[Site "Doha QAT"]
[Date "2025.12.28"]
[Round "11.50"]
[White "Luong Phuong Hanh"]
[Black "Li, Xueyi"]
[Result "0-1"]
[WhiteTitle "WIM"]
[BlackTitle "WGM"]
[WhiteElo "2236"]
[BlackElo "2202"]
[WhiteFideId "12401013"]
[BlackFideId "8605912"]
[EventDate "2025.12.26"]

1. d4 d5 2. c4 c6 3. Nf3 Nf6 4. Qc2 g6 5. Bf4 dxc4 6. Qxc4 Bg7 7. Nc3 Be6 8. Qd3
Nbd7 9. e4 Nb6 10. b3 O-O 11. Be2 a5 12. O-O a4 13. Ng5 Bg4 14. Bxg4 Nxg4 15.
Rad1 axb3 16. axb3 e5 17. Qh3 h5 18. dxe5 Qe7 19. Nf3 Nxe5 20. Nxe5 Bxe5 21.
Bxe5 Qxe5 22. f4 Qc5+ 23. Kh1 Rad8 24. e5 Rxd1 25. Rxd1 Qf2 26. Qg3 Qxg3 27.
hxg3 Ra8 28. Rd6 Kf8 29. Ne4 Nd5 30. Rd7 b5 31. Kh2 Ne3 32. Kh3 Ng4 33. Kh4 Re8
34. Rc7 Ne3 35. Nf6 Ra8 36. Rxc6 Nf5+ 37. Kg5 Nd4 38. Rb6 Kg7 39. Ne4 Ra1 40.
Nc5 Rg1 41. Kh4 Nf5+ 42. Kg5 Rxg2 43. Ne4 Nxg3 44. Nxg3 Rxg3+ 45. Kh4 Rxb3 46.
Rb7 Rf3 47. Rxb5 Rxf4+ 48. Kg3 Ra4 49. Rb7 Re4 50. Rb5 g5 51. Kf3 Ra4 52. Rb7
Ra6 53. Ke4 Kg6 54. Rb8 Ra4+ 55. Ke3 Kf5 56. Rg8 Re4+ 0-1

[Event "World Rapid Women 2025"]
[Site "Doha QAT"]
[Date "2025.12.28"]
[Round "11.51"]
[White "Sharma, Isha"]
[Black "Kirtadze, Anastasia"]
[Result "0-1"]
[WhiteTitle "WIM"]
[BlackTitle "WIM"]
[WhiteElo "2245"]
[BlackElo "2281"]
[WhiteFideId "35006665"]
[BlackFideId "13622714"]
[EventDate "2025.12.26"]

1. e4 c5 2. Nf3 e6 3. d4 cxd4 4. Nxd4 Nf6 5. Nc3 Nc6 6. Ndb5 Bb4 7. Bf4 Nxe4 8.
Qf3 d5 9. Nc7+ Kf8 10. Nxa8 e5 11. Bd2 Nd4 12. Qd1 Qh4 13. g3 Qf6 14. f4 Qg6 15.
Bd3 Bxc3 16. Bxc3 Bg4 17. Qc1 Nf3+ 18. Kf1 Bh3+ 19. Ke2 Bg4 20. Kf1 Qh5 21. Bxe4
dxe4 22. Qe3 Qh3+ 23. Kf2 h5 24. Rad1 Rh6 25. Rd8+ Ke7 26. Rb8 h4 27. Qc5+ Kf6
28. Bxe5+ Kg6 29. Bxg7 hxg3+ 30. Ke3 Kxg7 31. Qf8+ Kg6 32. Qg8+ Kf6 33. Qd8+ Kg6
34. Qg8+ Kf6 35. Rd1 gxh2 36. Rd6+ Be6 37. Qd8+ Kg6 38. Qg8+ Kh5 39. Kxe4 Qf5+
40. Ke3 h1=Q 41. Nc7 Qe1+ 42. Kxf3 Qfe4# 0-1

[Event "World Rapid Women 2025"]
[Site "Doha QAT"]
[Date "2025.12.28"]
[Round "11.52"]
[White "Fataliyeva, Ulviyya"]
[Black "Rouda Essa, Alserkal"]
[Result "0-1"]
[WhiteTitle "IM"]
[BlackTitle "WGM"]
[WhiteElo "2434"]
[BlackElo "2052"]
[WhiteFideId "13403052"]
[BlackFideId "9314318"]
[EventDate "2025.12.26"]

1. e4 e5 2. Nf3 Nc6 3. Bc4 Nf6 4. d3 d5 5. exd5 Nxd5 6. O-O Bg4 7. h3 Bh5 8. c3
Qd6 9. Nbd2 O-O-O 10. Ne4 Qd7 11. a4 f5 12. Ng3 Bg6 13. Qc2 f4 14. Ne4 Nf6 15.
b4 Nxe4 16. dxe4 Bh5 17. Ng5 Re8 18. Qa2 Nd8 19. Bb5 c6 20. Be2 Bxe2 21. Qxe2 h6
22. Nf3 g5 23. Rd1 Qg7 24. c4 g4 25. hxg4 Qxg4 26. Nd4 Qxe2 27. Nxe2 Bxb4 28.
Bb2 Rhg8 29. Nc1 Rg5 30. Nd3 Ba5 31. Kf1 Nf7 32. Bc1 Rh5 33. Ke2 Rg8 34. Bb2
Rxg2 35. Rg1 Rgg5 36. Rad1 Bc7 37. Nc5 Rxg1 38. Rxg1 Rg5 39. Rd1 Bb6 40. Nxb7
Kxb7 41. Rd7+ Ka6 42. Rxf7 Rg2 43. Bxe5 Rxf2+ 44. Kd3 f3 45. Bd4 Bxd4 46. Kxd4
h5 47. Ke3 Rc2 48. Kd3 Rf2 49. Ke3 Rc2 50. Kd3 Ra2 51. e5 Re2 52. Rf5 h4 53.
Rxf3 Rxe5 54. Rf6 Kb6 55. Rh6 Ra5 56. Rxh4 Rxa4 57. Rh8 Kc5 58. Rh5+ Kb4 59. Rh8
Ra1 60. Rh6 c5 61. Rh4 Ra3+ 62. Kd2 Rc3 63. Rh7 Ra3 64. Rh4 a5 65. Rg4 a4 66.
Rh4 Rb3 0-1

[Event "World Rapid Women 2025"]
[Site "Doha QAT"]
[Date "2025.12.28"]
[Round "11.53"]
[White "Dimitrijevic, Aleksandra"]
[Black "Yakubbaeva, Nilufar"]
[Result "1/2-1/2"]
[WhiteTitle "WGM"]
[BlackTitle "WGM"]
[WhiteElo "2063"]
[BlackElo "2229"]
[WhiteFideId "929239"]
[BlackFideId "14204487"]
[EventDate "2025.12.26"]

1. d4 Nf6 2. c4 e6 3. g3 d5 4. Nf3 c6 5. Bg2 Bb4+ 6. Bd2 Be7 7. O-O O-O 8. Nc3
dxc4 9. a4 a5 10. e4 Bd7 11. Qe2 b5 12. Rfd1 b4 13. e5 Nd5 14. Ne4 c3 15. bxc3
bxc3 16. Nxc3 Nxc3 17. Bxc3 Na6 18. Nd2 Nb4 19. Nc4 Nd5 20. Be1 c5 21. Ne3 Nxe3
22. Qxe3 Qc7 23. Rdc1 Rac8 24. Rab1 Bc6 25. Bxc6 Qxc6 26. dxc5 Bxc5 27. Qc3 Qxa4
28. Qxa5 Qxa5 29. Bxa5 Bd4 30. Bc7 h5 31. Kg2 Ra8 32. Bd6 Rfd8 33. Rc2 Rdc8 34.
Rxc8+ Rxc8 35. Rb8 Rxb8 36. Bxb8 Kh7 37. f4 Kg6 38. Kf3 1/2-1/2

[Event "World Rapid Women 2025"]
[Site "Doha QAT"]
[Date "2025.12.28"]
[Round "11.54"]
[White "Wang, Chuqiao"]
[Black "Gaal, Zsoka"]
[Result "1-0"]
[WhiteTitle "WIM"]
[BlackTitle "IM"]
[WhiteElo "2235"]
[BlackElo "2374"]
[WhiteFideId "8631638"]
[BlackFideId "777765"]
[EventDate "2025.12.26"]

1. d4 Nf6 2. c4 e6 3. Nf3 Bb4+ 4. Nbd2 d5 5. a3 Be7 6. e3 a5 7. b3 O-O 8. Bb2 b6
9. Bd3 Bb7 10. O-O Nbd7 11. Rc1 Ne4 12. cxd5 exd5 13. Qc2 Bd6 14. Nxe4 dxe4 15.
Bxe4 Bxe4 16. Qxe4 Re8 17. Qf5 Nf6 18. Nd2 Qe7 19. Rfe1 Bxa3 20. Bxa3 Qxa3 21.
Rxc7 Qb4 22. Qc2 b5 23. Rb1 Qa3 24. Rc5 Rab8 25. Qc3 a4 26. Ra1 b4 27. Rxa3 bxc3
28. Rxc3 axb3 29. Raxb3 Ra8 30. f3 Nd5 31. Rd3 f5 32. g3 Ra2 33. e4 Nf6 34. e5
Nd5 35. Rb5 Rd8 36. f4 Kf7 37. Nc4 Ke6 38. Nb6 Nxb6 39. Rxb6+ Kd5 40. Rd1 Rc8
41. Rb5+ Ke4 42. Rc5 Rb8 43. e6 Rbb2 44. Re5+ Kf3 45. Rd3+ Kg4 46. Rde3 Rg2+ 47.
Kf1 Rxh2 48. Re2 Ra1+ 49. Re1 Raa2 50. R5e2 Kxg3 51. Rxa2 Rxa2 52. Re3+ Kxf4 53.
e7 Kxe3 54. e8=Q+ Kf3 55. Qc6+ Kg3 56. Qc3+ Kf4 57. d5 Ra8 58. d6 g5 59. Qd4+
Kf3 60. Qd5+ 1-0

[Event "World Rapid Women 2025"]
[Site "Doha QAT"]
[Date "2025.12.28"]
[Round "11.55"]
[White "Berikkyzy Alanna"]
[Black "Bayasgalan, Khishigbaatar"]
[Result "0-1"]
[WhiteTitle "WFM"]
[BlackTitle "WCM"]
[WhiteElo "2241"]
[BlackElo "2249"]
[WhiteFideId "13780719"]
[BlackFideId "4904311"]
[EventDate "2025.12.26"]

1. e4 c5 2. Nf3 d6 3. d4 cxd4 4. Nxd4 Nf6 5. Nc3 a6 6. Bg5 e6 7. f4 Nbd7 8. Qf3
Qc7 9. O-O-O Be7 10. Bd3 b5 11. Rhe1 Bb7 12. Qg3 b4 13. Nd5 exd5 14. exd5 Kd8
15. Nc6+ Bxc6 16. dxc6 Nc5 17. Bf5 Qxc6 18. Bh4 g6 19. Rxe7 Kxe7 20. Re1+ Ne6
21. Qg5 Kd7 22. Qxf6 Raf8 23. Be4 Qb6 24. Bd5 Nc7 25. Bxf7 Kc8 26. Qg7 Kb8 27.
Qf6 Qc5 28. g4 Nd5 29. Qe6 Rc8 30. Qe4 Nxf4 31. Bb3 g5 32. Rd1 Rhe8 33. Qf3 Ne2+
34. Kb1 gxh4 35. Qd3 Qb6 36. Qxh7 Nd4 37. Ba4 Nb5 38. Qxh4 Re4 39. Qg3 Qe3 40.
Qh4 Qe2 41. Rc1 Rxg4 42. Qh6 Qe5 43. h3 Rf4 44. Qg6 Na3+ 45. Ka1 Nc4 46. c3 Qe2
47. Bc2 Rf1 48. Rxf1 Qxf1+ 49. Bb1 Qe2 50. Qc2 Qxc2 51. Bxc2 bxc3 52. bxc3 Ne3
53. Bd3 Rxc3 54. Bxa6 Nf5 0-1